| 000 | 00682nam a2200241 a 4500 | ||
|---|---|---|---|
| 001 | 84694 | ||
| 003 | BD-RjUL | ||
| 005 | 20250217105427.0 | ||
| 008 | 250217s2022 bg ||||| |||| 00| 0 eng d | ||
| 035 | _a(BD-RjUL)84694 | ||
| 040 |
_aBD-RjUL _beng _cBD-RjUL |
||
| 041 | _aeng | ||
| 082 |
_223 _a658.3 _bKHH 2022 |
||
| 100 |
_aKhan, Abdul Awal _915014 |
||
| 245 |
_aHuman Resource management / _cAbdul Awal Khan, Md.Abu Taher, Md. Asadul Islam |
||
| 250 | _a6th ed. | ||
| 260 |
_aDhaka : _bAbir Publications, _c2022 |
||
| 300 |
_a360 p.; _c25 cm. |
||
| 650 | _aHuman Resource Management | ||
| 700 |
_aTaher, Md.Abu _915015 |
||
| 700 | _aIslam, Md. Asadul | ||
| 942 |
_2ddc _cBK |
||
| 999 |
_c84694 _d84694 |
||